Представление документа в формате MARC21

ПолеНазваниеЗначение
  Тип записи a
  Библиографический уровень m
001 Контрольный номер RU/URAIT/515445
003 Принадлежность контрольного номера https://urait.ru/bcode/515445
005 Дата корректировки 20230913130112.6
008 Кодируемые данные
020 Индекс ISBN __
a ISBN 978-5-534-06924-2
c Цена, тираж 639.00
040 Источник каталогиз. __
a Служба первич. каталог. ИКО Юрайт
b Код языка каталог. rus
c Служба, преобразующая запись ИКО Юрайт
041 Код языка издания 0_
a Код языка текста rus
044 Код страны публикации __
a Код страны публикации RU
073 _1
a 9785534069242
d 639.00
080 Индекс УДК __
a Индекс УДК 677.077(075.8)
084 Индекс другой классификации/Индекс ББК __
a Индекс другой классификации/Индекс ББК 37.257я73
2 Источник индекса rubbk
091 Индексы/ коды __
a Индекс ББК (DOS) 37.257я73
z rubbk
100 Автор 1_
a Автор Терская Л. А.
q Полное имя Людмила Александровна
230 __
a Электрон. дан.
245 Заглавие 00
a Заглавие Технологии меховой отделки
b Продолж. заглавия учебное пособие
c Ответственность Л. А. Терская.
250 Сведения об издании __
a Основные сведения об издании 2-е изд.
b Дополнительные сведения об издании испр. и доп
260 Выходные данные 1_
a Место издания Москва
b Издательство Юрайт
c Дата издания 2023
300 Физическое описание __
a Объем 143 с
440 Серия _0
a Серия Высшее образование
500 Примечания __
a Примечание URL: https://urait.ru/bcode/515445 (дата обращения: 13.09.2023).
520 Аннотация __
a Аннотация В учебном пособии показан весь спектр современных направлений в меховой отделке одежды из различных материалов. Представлены современные методы мехового дизайна, включая дизайн пушно-мехового полуфабриката. Описаны зарубежные и отечественные технологии меховых пластин и полотен для получения разнообразных видов меховой отделки одежды. Представлены способы изготовления отделочных элементов из целых шкурок и отходов скорняжного производства, а также технологии мехового дизайна текстильных материалов. Отдельная глава посвящена вопросам проектирования меховых воротников.
538 Прим. о системных особенностях __
a Прим. о системных особенностях Режим доступа: Электронно-библиотечная система Юрайт, для авториз. пользователей
653 Ключевые слова 2_
a Ключевые слова Легкая промышленность
653 Ключевые слова 2_
a Ключевые слова Технические науки и информационные технологии
653 Ключевые слова 2_
a Ключевые слова Конструирование одежды
653 Ключевые слова 2_
a Ключевые слова Методы конструирования изделий из меха и технологической оснастки
653 Ключевые слова 2_
a Ключевые слова Современные технологии в производстве кожевенно-меховых товаров
653 Ключевые слова 2_
a Ключевые слова Технология изделий из кожи и меха
653 Ключевые слова 2_
a Ключевые слова Технология изделий из натурального меха и кожи
856 Электронный адрес документа 40
n Местонахождение сервера Юрайт
g Электронная книга
q Тип электронного формата html
h Имя пользователя ЮРАЙТ
v Часы доступа к ресурсу 20251231
2 Способ доступа Показать документ
x Служебное примечание https://urait.ru/book/cover/0F70D3ED-022C-4B4E-AD55-86DC2018C9C3
u URL https://urait.ru/bcode/515445
856 Электронный адрес документа 41
q Тип электронного формата cover
u URL https://urait.ru/book/cover/0F70D3ED-022C-4B4E-AD55-86DC2018C9C3